Statistics for Which US City is Further North

Click here to take the quiz!

General Stats

  • This quiz has been taken 21 times
  • The average score is 8 of 12

Answer Stats

QuestionAnswer% Correct
Miami or Honolulu?Miami
95%
Detroit or Seattle?Seattle
90%
Chicago or Boston?Boston
85%
San Francisco or Indianapolis?Indianapolis
85%
Philadelphia or Kansas City?Philadelphia
85%
New York City or Denver?New York City
75%
Houston or Jacksonville?Jacksonville
70%
Washington, DC or St. Louis?Washington, DC
65%
Los Angeles or Atlanta?Los Angeles
50%
Minneapolis or Portland?Portland
50%
Charlotte or Las Vegas?Las Vegas
45%
Dallas or Phoenix?Phoenix
35%

Score Distribution

Percentile by Number Answered

Percent of People with Each Score

Your Score History

You have not taken this quiz